书目信息 |
| 题名: |
商业空间设计
|
|
| 作者: | 陈妍 主编 | |
| 分册: | ||
| 出版信息: | 镇江 江苏大学出版社 2019.08 |
|
| 页数: | 140页 | |
| 开本: | 26cm | |
| 丛书名: | 普通高等学校艺术设计专业“十三五”规划教材 | |
| 单 册: | ||
| 中图分类: | TU247 | |
| 科图分类: | ||
| 主题词: | 商业建筑--shang ye jian zhu--室内装饰设计--高等学校--教材 | |
| 电子资源: | ||
| ISBN: | 978-7-5684-1128-8 | |
| 000 | 01205nam 2200253 450 | |
| 001 | 2074462290 | |
| 005 | 20201107204111.06 | |
| 010 | @a978-7-5684-1128-8@dCNY55.00 | |
| 100 | @a20191125d2019 em y0chiy50 ea | |
| 101 | 0 | @achi |
| 102 | @aCN@b320000 | |
| 105 | @aa a 000yy | |
| 200 | 1 | @a商业空间设计@Ashang ye kong jian she ji@f主编陈妍 |
| 210 | @a镇江@c江苏大学出版社@d2019.08 | |
| 215 | @a140页@c彩图@d26cm | |
| 225 | 2 | @a普通高等学校艺术设计专业“十三五”规划教材@Apu tong gao deng xue xiao yi shu she ji zhuan ye “ shi san wu ” gui hua jiao cai |
| 320 | @a有书目 (第140页) | |
| 330 | @a本书根据环境设计专业教学大纲的要求, 从商业空间设计的基本概念和基本原则入手, 结合实际工程实例和国内外优秀作品, 着重对商业空间设计的基本概念、分类、规划与设计的原则、业务流程等系统性知识, 以及商业卖场空间、商业餐饮空间、共享空间等各种商业空间类型的设计原则及实践程序加以论述, 由浅入深、由简到繁, 详细讲述了商业空间设计的工作流程和工作方法。 | |
| 410 | 0 | @12001 @a普通高等学校艺术设计专业“十三五”规划教材 |
| 606 | 0 | @a商业建筑@Ashang ye jian zhu@x室内装饰设计@x高等学校@j教材 |
| 690 | @aTU247@v5 | |
| 701 | 0 | @a陈妍@Achen yan@4主编 |
| 801 | 0 | @aCN@b人天书店@c20201015 |
| 905 | @aZUCC@dTU247@eC615 | |
| 商业空间设计/主编陈妍.-镇江:江苏大学出版社,2019.08 |
| 140页:彩图;26cm.-(普通高等学校艺术设计专业“十三五”规划教材) |
| ISBN 978-7-5684-1128-8:CNY55.00 |
| 本书根据环境设计专业教学大纲的要求, 从商业空间设计的基本概念和基本原则入手, 结合实际工程实例和国内外优秀作品, 着重对商业空间设计的基本概念、分类、规划与设计的原则、业务流程等系统性知识, 以及商业卖场空间、商业餐饮空间、共享空间等各种商业空间类型的设计原则及实践程序加以论述, 由浅入深、由简到繁, 详细讲述了商业空间设计的工作流程和工作方法。 |
| ● |
| 相关链接 |
|
|
|
正题名:商业空间设计
索取号:TU247/C615
 
预约/预借
| 序号 | 登录号 | 条形码 | 馆藏地/架位号 | 状态 | 备注 |
| 1 | 1487097 | 214870978 | 建筑库101/101建筑库 105排3列5层/ [索取号:TU247/C615] | 在馆 | |
| 2 | 1487098 | 214870987 | 建筑库101/101建筑库 105排3列5层/ [索取号:TU247/C615] | 在馆 |